000 00603nam a2200229Ia 4500
003 OSt
005 20220928150247.0
006 a|||||r|||| 00| 0
007 ta
008 220927b |||||||| |||| 00| 0 eng d
024 _a89222
037 _cTextual
040 _aSDCL
_cSDCL
_beng
041 _2eng
_aeng
082 _aX:89K.2'N7, L4
100 _aLakdawala D T
245 0 _aRegional variations in industrial development
260 _c1974
700 _a Alagh Yoginder K
942 _hX:89K.2'N7, L4
_cTEXL
_2CC
999 _c840952
_d840952